Liedtext Quiz - Das Spiel von Annett Louisan - Statistiken

Allgemein
  • Dieses Quiz wurde 47 mal gespielt
  • Das Durchschnittsergebnis liegt bei 186 aus 243
Antwortstatistiken
Antworten % Korrekt
da
100%
Das
100%
das
100%
Ich
100%
ich
100%
will
100%
Doch
96%
doch
96%
du
96%
Du
96%
mich
96%
nicht
96%
Nur
96%
nur
96%
spielen
96%
Der
89%
dich
89%
nichts
89%
so
89%
Wie
89%
aus
85%
den
85%
es
85%
Es
85%
für
85%
hast
85%
mir
85%
Und
85%
und
85%
willst
85%
Dass
81%
tu
81%
Tu
81%
War
81%
war
81%
Was
81%
was
81%
Wenn
81%
Hab
78%
mehr
78%
bist
74%
einmal
74%
Weil
74%
dem
70%
einer
70%
warst
70%
zu
70%
Ausgezogen
67%
ganz
67%
gedacht
67%
In
67%
mein
67%
nie
67%
fühl
63%
keinen
63%
von
63%
auf
59%
deinen
59%
schon
59%
beweg'
56%
gewusst
56%
jetzt
56%
meiner
56%
Nacht
56%
Seit
56%
Spaß
56%
alles
52%
fühlst
52%
geplant
52%
Wegen
52%
wegen
52%
zwischen
52%
berühr
48%
dies
48%
erregt
48%
Gefühlen
48%
Hand
48%
Haus
48%
Niveau
48%
Stühlen
48%
vielen
48%
Vor
48%
füllt
44%
immer
44%
Macht's
44%
mit
44%
Respekt
44%
schläfst
44%
trifft
44%
Unter
44%
verletzt
44%
verliebst
44%
durch
41%
gibt
41%
Haar
41%
hier
41%
Lass
41%
Leben
41%
mal
41%
manchmal
41%
schmeißt
41%
sein
41%
sich
41%
tust
41%
verlierst
41%
weinst
41%
du's
37%
Fahr
37%
geahnt
37%
lieber
37%
Jemand
33%
rum
33%
fast
30%
steh
30%
verbrennst
30%
Irgendwen
26%
verlässt
26%
zuviel
26%
andren
19%
schiebt
19%
Keine übereinstimmenden Quizze gefunden
Verteilung der Resultate
Anzahl Personen mit jedem Resultat
Perzentil nach korrekt beantworteten Fragen
Ihre Resultats-Entwicklung
Sie haben dieses Quiz noch nicht gespielt